Základy psychológie

Saved in:
Bibliographic Details
Main Author: Boroš, Július
Format: Book
Language:Slovak
Published: Bratislava Slovenské pedagogické nakladateľstvo 1987
Edition:3. vyd.
Tags: Add Tag
No Tags, Be the first to tag this record!

MARC

LEADER 00000nam a2200000 4500
001 c024077
005 20221219095455.8
041 0 |a slo 
044 |a SK 
245 1 0 |a Základy psychológie  |c Július Boroš 
250 |a 3. vyd. 
264 1 |a Bratislava  |b Slovenské pedagogické nakladateľstvo  |c 1987 
300 |a 489 s. 
100 1 |a Boroš, Július